Normal view MARC view
  • Educacion primaria

Entry Materia

Number of records used in: 22

001 - NÚMERO DE CONTROL DEL REGISTRO

  • campo de control: 18624

003 - IDENTIFICADOR DE NUMERO DE CONTROL

  • campo de control: UPN

005 - FECHA Y HORA DE LA ÚLTIMA TRANSACCIÓN

  • campo de control: 20220602124122.0

008 - DATOS DE LONGITUD FIJA

  • campo de control de longitud fija: 220602dn fcznnbabd b ana |d

035 ## - NÚMERO DE CONTROL DEL SISTEMA

  • Número de control del sistema: UPN10000018632

040 ## - FUENTE DE LA CATALOGACIÓN

  • Lengua de catalogación: SPA
  • Agencia de transcripción: MX-MxUPN
  • Centro catalogador de origen: MX-MxUPN

046 ## - FECHAS CON CODIFICACIÓN ESPECIAL

  • Fecha final para contenidos agregados: 2022

150 ## - ENCABEZAMIENTO - TEMÁTICO

  • Término de materia o nombre geográfico como elemento inicial: Educacion primaria
  • Subdivisión geográfica: México
  • Subdivisión de materia general: Historia

450 ## - VÉASE - MATERIA

  • Encabezamiento temático: Educación primaria -
  • Subdivisión temática general: Historia -
  • Subdivisión geográfica: México

670 ## - FUENTE EN LA QUE SE LOCALIZARON DATOS

  • Cita de la fuente: E
  • Información localizada: Educación - México - Historia

902 ## - CATALOGADOR

  • Catalogador: MMA/111196